000 00573nam a2200181 4500
001 110257
003 ES-MaACL
005 20230906185018.0
007 t|
008 061121s1922 sp r ||||1| spa d
100 1 _aOctavio de Toledo y Zulueta, Luis,
_d1857-1934
_986510
245 1 0 _aTratado de trigonometría rectilínea y esférica /
_cLuis Octavio de Toledo.
250 _a4ª. ed.
260 _aMadrid :
_b[s.n.],
_c1922 (
_fImp. Clásica Española)
300 _a288 p. :
_bil. ;
_c25 cm.
852 _aES-MaACL
_jB-4381
_bR.04815
999 _c110257
_d110257